Th-mphil-synthesis & characterization of Nano Carriers for Potential Ultrasound contrast Imaging (Record no. 479986)
[ view plain ]
| 000 -LEADER | |
|---|---|
| fixed length control field | 00442nam a22001577a 4500 |
| 003 - CONTROL NUMBER IDENTIFIER | |
| control field | ASAB |
| 005 - DATE AND TIME OF LATEST TRANSACTION | |
| control field | 20200308165147.0 |
| 008 - FIXED-LENGTH DATA ELEMENTS--GENERAL INFORMATION | |
| fixed length control field | 160203t xxu||||| |||| 00| 0 eng d |
| 038 ## - RECORD CONTENT LICENSOR | |
| Staff Name | ATTAULLAH |
| 040 ## - CATALOGING SOURCE | |
| Transcribing agency | ASAB |
| 082 ## - DEWEY DECIMAL CLASSIFICATION NUMBER | |
| Classification number | 660 |
| 100 ## - MAIN ENTRY--PERSONAL NAME | |
| Personal name | Qurat ul ain-sup-Dr. Shahrukh Abbas |
| 9 (RLIN) | 28246 |
| 245 ## - TITLE STATEMENT | |
| Title | Th-mphil-synthesis & characterization of Nano Carriers for Potential Ultrasound contrast Imaging |
| 300 ## - PHYSICAL DESCRIPTION | |
| Extent | 85 p. |
| 942 ## - ADDED ENTRY ELEMENTS (KOHA) | |
| Source of classification or shelving scheme | |
| Koha item type | Thesis |
| Withdrawn status | Lost status | Source of classification or shelving scheme | Damaged status | Not for loan | Permanent Location | Current Location | Date acquired | Total Checkouts | Full call number | Barcode | Date last seen | Date last checked out | Price effective from | Koha item type | Shelving location |
|---|---|---|---|---|---|---|---|---|---|---|---|---|---|---|---|
| Atta-ur-Rahman School of Applied Biosciences (ASAB) | Atta-ur-Rahman School of Applied Biosciences (ASAB) | 02/03/2016 | 1 | Thesis Qurat ul ain | ASABMs-24-15 | 04/24/2018 | 04/29/2016 | 02/03/2016 | Thesis | ||||||
| Central Library (CL) | Central Library (CL) | 02/03/2020 | 660 | CL-T-4891 | 02/03/2020 | 02/03/2020 | Thesis | Thesis |
